000
00313nam a2200133Ia 4500
008
210210b1929 xxu||||| |||| 00| 0 eng d
082
_a
821/745
100
_a
WORDSWORTH (W)
245
_a
Poems
260
_a
London
_b
Macmillan & Co. Ltd.
_c
1929
650
_a
Poems
690
_a
English Poetry
906
_a
011913
999
_c
130643
_d
130643